Una década de planeación urbano-regional en México, 1978-1988 / (Record no. 13556)

MARC details
000 -CABECERA
campo de control de longitud fija 00599nam a2200193 a 4500
005 - FECHA Y HORA DE LA ÚLTIMA TRANSACCIÓN
campo de control 20260304063926.0
008 - ELEMENTOS DE LONGITUD FIJA--INFORMACIÓN GENERAL
campo de control de longitud fija 991125s1989 mx 000 0 spa u
020 ## - NÚMERO INTERNACIONAL NORMALIZADO PARA LIBROS
Número Internacional Estándar del Libro 9681240263
035 ## - NÚMERO DE CONTROL DEL SISTEMA
Número de control de sistema UPN01000013556
049 ## - COLECCIÓN
Colección CG
050 #4 - SIGNATURA TOPOGRÁFICA DE LA BIBLIOTECA DEL CONGRESO
Número de clasificación HT164 M6
Número de documento/Ítem D42
245 04 - MENCIÓN DE TÍTULO
Título Una década de planeación urbano-regional en México, 1978-1988 /
Mención de responsabilidad, etc. Gustavo Garza, comp.
260 ## - PUBLICACIÓN, DISTRIBUCIÓN, ETC.
Lugar de publicación, distribución, etc. México :
Nombre del editor, distribuidor, etc. El Colegio de México,
Fecha de publicación, distribución, etc. 1989.
300 ## - DESCRIPCIÓN FÍSICA
Extensión 484 p. :
Otras características físicas il.
650 #4 - ASIENTO SECUNDARIO DE MATERIA - TERMINO TEMATICO
Término de materia o nombre geográfico como elemento de entrada Planificación regional
Subdivisión geográfica México
Subdivisión general Historia
9 (RLIN) 1119
650 #2 - ASIENTO SECUNDARIO DE MATERIA - TERMINO TEMATICO
Término de materia o nombre geográfico como elemento de entrada Urbanización
9 (RLIN) 13708
700 1# - ASIENTO SECUNDARIO--NOMBRE DE PERSONAL
Nombre de persona Garza, Gustavo,
Término indicativo de función/relación comp.
905 ## - TIPO DE MATERIAL
Tipo de material Libro
Holdings
Estado de retiro Estado de pérdida Fuente del sistema de clasificación o colocación Estado dañado No para préstamo Código de colección Localización permanente Ubicación/localización actual Ubicación en estantería Total de préstamos Clasificación Código de barras Fecha visto por última vez Número de copia Tipo de ítem Koha
    Library of Congress Classification     Colección General Bib. Gregorio Torres Quintero Bib. Gregorio Torres Quintero Planta baja 1 HT164 M6 D42 138221 31/12/2020 1 Libro